O ausente (Registo nº 200680)

Detalhes MARC
000 -Etiqueta do registo
Valores 00640nam 22001813 4500
100 ## - Dados gerais de processamento
Dados gerais 20260223d u||y0pory50 ba
200 ## - Titulo e menção de responsabilidade
Título próprio O ausente
Primeira menção de responsabilidade Joaquim Paço D'Arcos
Informação de outro título comédia dramática : em três actos
210 ## - Publicação
Local de publicação Lisboa
Nome do editor Pareceria A. M. Pereira
Data de publicação imp.1944
215 ## - Descrição física 
Paginação / Volumes 122, [1] p.
Outras indicações físicas brochado
Dimensões 19 cm
317 ## - Nota de proveniência
Texto da nota . -Oferta de Maria Felizarda de Almeida e Maria Ribeiro Belga ao Prof. Dr. Almeida Faria
606 ## - Nome comum usado como assunto
ID Autoridade 24
Palavra de ordem Literatura Portuguesa
Subdivisão assunto Teatro
675 ## - CDU
Notação 821.134.3-2
Edição PT
Língua por
700 ## - Autor principal (pessoa individual)
ID Autoridade 4183
Apelido Paço d' Arcos
Nome Joaquim
Datas 1908-1979
801 ## - Fonte de origem
País PT
Agência BMMN
Regras de catalogação RPC
830 ## - Notas gerais do catalogador
Criado por Ana
Indexado por Ana
990 ## - Elementos KOHA
Tipo de documento Livro
Exemplares
Situação do levantamento Biblioteca de origem Código de barras Cota Permissão de empréstimo Tipo de documento Nota relativa ao exemplar Forma de aquisição
  Biblioteca Municipal de Montemor-o-Novo 29911 821.134.3-2 PAC|SAF   Livro Acesso condicionado Compra

Powered by Koha